| 000 | 00489nam a2200193 a 4500 | ||
|---|---|---|---|
| 001 | 1771563656699 | ||
| 003 | YourLibrary | ||
| 005 | 20260220110812.0 | ||
| 008 | 260220s2006##################000#0#eng## | ||
| 020 | _a9780195165876 | ||
| 082 | 0 | 4 |
_a338.0640973 _bCOR.2 |
| 100 | 1 |
_aCortada, James W., _eauthor. |
|
| 245 | 1 | 0 | _aThe Digital Hand : |
| 260 | _c2006. | ||
| 300 | _a646 pages | ||
| 650 | 0 | _aBusiness & Economics. | |
| 942 | _cENGLISH | ||
| 040 |
_aYourLibrary _beng _cYourLibrary |
||
| 999 |
_c613367 _d613367 |
||